000 00955nam a22002777a 4500
001 8781
003 FISKH
005 20251114083013.0
008 251020b cb ||||| |||| 00| 0 eng d
020 _a9780194646819
040 _aFISKH
_beng
_cFISKH
_dFISKH
050 _aPZ7
082 _a428.64
100 _aSpilsbury, Louise
_eAuthor
245 _aYour body /
_cLouise Spilsbury
260 _aGreat Clarendon Street :
_bOxford University ,
_c2012
300 _a33 pages :
_bcolor illustrations ;
_c21 cm
505 _aJ
520 _aThis exciting new series of non-fiction readers provides interesting and educational content, with activities and project work. The readers are graded at four levels, from 3 to 6, suitable for students from age 8 and older.
521 8 _a500
_bLexile
521 8 _aJ
_bRaz-Plus
650 _aDiscover
_vBody
700 _aKennedy, Kelly
_eIllustrator
942 _2ddc
_cBK
_n0
999 _c8781
_d8781